Create to communicate
v.v...
Đã lưu trong:
| Định dạng: | Sách |
|---|---|
| Năm xuất bản: |
Washington DC:
Office of Educationnal and altural affairs unites department of state,
2011
|
| Chủ đề: | |
| Tags: |
Thêm thẻ
Không có thẻ, Hãy là người đầu tiên gắn thẻ bản ghi này!
|
| LEADER | 00655nam a2200169 4500 | ||
|---|---|---|---|
| 999 | |c 10902 |d 10902 | ||
| 082 | |a 420.71 |b CR200a | ||
| 100 | |a | ||
| 245 | |a Create to communicate |c Art activities for yhe English as a foreign language classroom | ||
| 260 | |a Washington DC: |b Office of Educationnal and altural affairs unites department of state, |c 2011 | ||
| 300 | |a 170 tr. |c 28 cm. | ||
| 520 | |a v.v... | ||
| 653 | |a Ngôn ngữ | ||
| 653 | |a Tiếng Anh | ||
| 653 | |a Phương pháp giảng dạy | ||
| 942 | |2 ddc |c SH | ||
| 952 | |0 0 |1 0 |2 ddc |4 0 |6 420_710000000000000_CR200A |7 0 |8 400 |9 93874 |a qbu |b qbu |c D4 |d 2015-09-15 |g 100000 |o 420.71 CR200a |p 10592.c1 |r 0000-00-00 |w 2015-09-15 |y SH | ||